Εισαγωγή στα συστήματα μεταφορών
Αποθηκεύτηκε σε:
| Κύριος συγγραφέας: | |
|---|---|
| Άλλοι συγγραφείς: | , |
| Μορφή: | Βιβλίο |
| Γλώσσα: | Greek English |
| Δημοσίευση: |
Αθήνα :
Σταμούλης,
c2003.
|
| Θέματα: | |
| Ετικέτες: |
Προσθήκη ετικέτας
Δεν υπάρχουν, Καταχωρήστε ετικέτα πρώτοι!
|
MARC
| LEADER | 00000cam a2200000 i 4500 | ||
|---|---|---|---|
| 001 | 1/105111 | ||
| 008 | 090518t2003 gr | ||| |||| ||gre|| | ||
| 020 | |a 9603513954 | ||
| 035 | |l 10104689 | ||
| 040 | |a GR-MyUa |b gre |e AACR2 | ||
| 041 | 1 | |a gre |h eng | |
| 082 | 7 | |a 388 |2 (22) | |
| 100 | 1 | |a Sussman, Joseph M. |q (Joseph Martin) | |
| 245 | 1 | 0 | |a Εισαγωγή στα συστήματα μεταφορών / |c Joseph Sussman ; μετάφραση - επιμέλεια: Ε. Παπαδημητρίου και Ορ. Σχινάς. |
| 260 | |a Αθήνα : |b Σταμούλης, |c c2003. | ||
| 300 | |a 598 σ. : |b σχέδια ; |c 24 εκ. | ||
| 504 | |a Περιλαμβάνει βιβλιογραφία και ευρετήριο. | ||
| 650 | 0 | |a Transportation. | |
| 700 | 1 | |a Παπαδημητρίου, Ευστράτιος, |e edt |e trl | |
| 700 | 1 | |a Σχινάς, Ορέστης, |e edt |e trl | |
| 765 | 0 | 8 | |i Μετάφραση του: |t Introduction to transportation systems / |
| 852 | |a INST |b CHIOS |e 20090518 |h 388 SUS |p 005200030343 |q 005200030343 |t BK |y 0 | ||
| 852 | |a INST |b CHIOS |e 20090518 |h 388 SUS |p 005200030344 |q 005200030344 |t BK |y 0 | ||
| 852 | |a INST |b CHIOS |e 20100819 |h 388 SUS |p 005200032076 |q 005200032076 |t BK |y 0 | ||
| 852 | |a INST |b CHIOS |e 20150603 |h 388 SUS |p 005200037519 |q 005200037519 |t BK |y 0 | ||
| 852 | |a INST |b CHIOS |e 20190227 |h 388 SUS |p 005200039372 |q 005200039372 |t BK |y 0 | ||
| 852 | |a INST |b CHIOS |c EUDOXUS |e 20130411 |h 388 SUS |p 005200035492 |q 005200035492 |t EDX |y 0 | ||
| 920 | |a Εύδοξος |b Επιστροφή |y Χίος |z 2013-03 | ||
| 920 | |y Χίος |z 2019-02 | ||
| 970 | |a Βασιλάκη |b Νίκη |z 18-05-2009 | ||